[Event "38th World U20 ch"]
[Site "Yerevan ARM"]
[Date "1999.09.20"]
[Round "3.27"]
[White "Hansen, Torbjorn Ringdal"]
[Black "Berg, Emanuel"]
[Result "1/2-1/2"]
[WhiteElo "2259"]
[BlackElo "2348"]
[EventDate "1999.09.18"]
[PlyCount "113"]

1.c4 f5 2.g3 Nf6 3.Bg2 g6 4.Nf3 Bg7 5.O-O O-O 6.Nc3 d6 7.d4 Qe8 8.d5 Na6 
9.Nd4 Bd7 10.h3 c6 11.Bg5 Nc7 12.Qd2 c5 13.Nc2 b5 14.Bh6 bxc4 15.Bxg7 Kxg7
16.Na3 Rb8 17.Nxc4 Rb4 18.b3 Qa8 19.Rae1 a5 20.e4 fxe4 21.Nxe4 Qxd5 22.
Nexd6 Qxd2 23.Rxe7+ Kg8 24.Nxd2 Rd4 25.N2c4 Ncd5 26.Re5 a4 27.bxa4 Bxa4 
28.Rb1 Bc6 29.Ree1 Ne8 30.Nxe8 Rxc4 31.Re6 Bxe8 32.Bxd5 Rd4 33.Rxe8+ Rxd5 
34.Rxf8+ Kxf8 35.Rb7 h5 36.Kg2 Rd2 37.a4 Ra2 38.Ra7 c4 39.a5 c3 40.Rc7 
Rxa5 41.Rxc3 Kg7 42.f4 Kf6 43.Kf3 Ra6 44.Rb3 Kf5 45.g4+ hxg4+ 46.hxg4+ Kf6
47.g5+ Kf7 48.Rb7+ Kg8 49.Rd7 Ra4 50.Ke3 Kf8 51.Rd4 Ra7 52.Ke4 Ke7 53.Ke5 
Ra5+ 54.Rd5 Rxd5+ 55.Kxd5 Kd7 56.Ke5 Ke7 57.f5 1/2-1/2

[Event "38th World U20 ch"]
[Site "Yerevan ARM"]
[Date "1999.09.20"]
[Round "3.28"]
[White "Guid, Matej"]
[Black "Kidambi, Sundararajan"]
[Result "1/2-1/2"]
[WhiteElo "2185"]
[BlackElo "2334"]
[EventDate "1999.09.18"]
[PlyCount "71"]

1.e4 e5 2.Nf3 Nc6 3.Bb5 a6 4.Ba4 Nf6 5.O-O Nxe4 6.d4 b5 7.Bb3 d5 8.dxe5 
Be6 9.Nbd2 Nc5 10.c3 Qd7 11.Nd4 Nxd4 12.cxd4 Na4 13.Bxa4 bxa4 14.b3 c5 15.
Ba3 Rc8 16.Rc1 cxd4 17.Rxc8+ Qxc8 18.Bxf8 Kxf8 19.Nf3 Qc3 20.Qxd4 Qxd4 21.
Nxd4 Ke7 22.Rc1 axb3 23.axb3 Rc8 24.Rxc8 Bxc8 25.f4 f6 26.h4 fxe5 27.fxe5 
a5 28.Kf2 Bg4 29.Nc6+ Ke6 30.Ke3 Bd1 31.Kf4 d4 32.Ke4 Bc2+ 33.Kxd4 Bxb3 
34.Nxa5 Bd5 35.g3 h5 36.Nc4 1/2-1/2

[Event "38th World U20 ch"]
[Site "Yerevan ARM"]
[Date "1999.09.20"]
[Round "3.30"]
[White "Aranha Filho, Alvaro Zimmermann"]
[Black "Fantin, Ludwig"]
[Result "1-0"]
[WhiteElo "2236"]
[BlackElo "2184"]
[EventDate "1999.09.18"]
[PlyCount "147"]

1.d4 Nf6 2.Nf3 g6 3.Bg5 Bg7 4.Nbd2 O-O 5.c3 d6 6.e4 Nbd7 7.Bc4 h6 8.Bh4 e5
9.Qc2 Qe7 10.O-O a5 11.a4 b6 12.Rfe1 Bb7 13.Bb5 c6 14.Bf1 Rfd8 15.Qb3 g5 
16.Bg3 Nh5 17.Nc4 Nxg3 18.hxg3 Qe6 19.Qd1 Ba6 20.d5 cxd5 21.exd5 Qf6 22.
Nfd2 Bf8 23.Ne4 Qg6 24.g4 Rdc8 25.Na3 Bb7 26.Bd3 Bxd5 27.Nc5 e4 28.Nxd7 
exd3 29.Nxb6 Be4 30.Nxa8 Bxa8 31.Re3 Be4 32.Nb5 d5 33.Nd4 Qb6 34.f3 Bg6 
35.Re5 Qxb2 36.Rxd5 Qxc3 37.Nf5 Bc5+ 38.Kh1 Bxf5 39.Rc1 Qxc1 40.Qxc1 Bb4 
41.Qb2 Bg6 42.Kh2 Re8 43.Rd7 Rb8 44.Qe5 Rc8 45.Kh3 Rf8 46.f4 gxf4 47.Qxf4 
Kh7 48.g5 hxg5 49.Qxg5 Re8 50.Qf6 Kg8 51.Qg5 Kg7 52.Rxd3 Be7 53.Qg4 Rh8+ 
54.Kg3 Rh4 55.Qd7 Bxd3 56.Qxe7 Rxa4 57.Qe5+ Kf8 58.Qd6+ Kg7 59.Qxd3 Rb4 
60.Qc3+ Kg8 61.Qc8+ Kg7 62.Qc3+ Kg8 63.Qe3 Rb8 64.Kh4 Ra8 65.Qg5+ Kf8 66.
Qf6 Kg8 67.Qc6 Rd8 68.Kg5 Rd2 69.Qe8+ Kg7 70.Qe5+ Kf8 71.Qc5+ Kg8 72.Kf6 
Rxg2 73.Qc8+ Kh7 74.Qh3+ 1-0

[Event "38th World U20 ch"]
[Site "Yerevan ARM"]
[Date "1999.09.20"]
[Round "3.31"]
[White "Leskiewicz, Maksymilian"]
[Black "Pinter, Erik"]
[Result "1-0"]
[WhiteElo "2206"]
[BlackElo "2163"]
[EventDate "1999.09.18"]
[PlyCount "49"]

1.d4 Nf6 2.c4 g6 3.Nc3 Bg7 4.e4 d6 5.Be2 O-O 6.Bg5 Nbd7 7.f4 c5 8.e5 Ne8 
9.Nf3 cxd4 10.Qxd4 Nc7 11.Qe3 dxe5 12.fxe5 Ne6 13.Bh4 Re8 14.O-O f6 15.Nd5
fxe5 16.Rad1 h6 17.Bg3 Nf4 18.Nxe5 Nxd5 19.Rxd5 Qb6 20.c5 Qe6 21.Bc4 Nxe5 
22.Bxe5 Kh7 23.Rd8 Qxe5 24.Qxe5 Bxe5 25.Rf7+ 1-0

[Event "38th World U20 ch"]
[Site "Yerevan ARM"]
[Date "1999.09.21"]
[Round "4.1"]
[White "Galkin, Alexander"]
[Black "Asrian, Karen"]
[Result "1/2-1/2"]
[WhiteElo "2535"]
[BlackElo "2575"]
[EventDate "1999.09.18"]
[PlyCount "25"]

1.e4 c6 2.d4 d5 3.Nc3 dxe4 4.Nxe4 Bf5 5.Ng3 Bg6 6.Bc4 e6 7.N1e2 Nf6 8.Nf4 
Bd6 9.Bb3 Nd5 10.Nxg6 hxg6 11.Ne4 Be7 12.c4 Rh4 13.Nd2 1/2-1/2

[Event "38th World U20 ch"]
[Site "Yerevan ARM"]
[Date "1999.09.21"]
[Round "4.2"]
[White "Pinski, Jan"]
[Black "Iliushin, Alexei"]
[Result "1/2-1/2"]
[WhiteElo "2444"]
[BlackElo "2527"]
[EventDate "1999.09.18"]
[PlyCount "123"]

1.e4 e6 2.d4 d5 3.Nc3 Nf6 4.Bg5 Be7 5.e5 Nfd7 6.Bxe7 Qxe7 7.f4 a6 8.Nf3 c5
9.Qd2 Nc6 10.dxc5 Qxc5 11.O-O-O b5 12.Ne2 b4 13.Ned4 Nxd4 14.Nxd4 O-O 15.
Kb1 a5 16.Bd3 Ba6 17.Qe3 a4 18.h4 Nb8 19.f5 Nc6 20.f6 Bxd3 21.Rxd3 Nxd4 
22.Rxd4 Rfc8 23.Qd3 gxf6 24.exf6 Kh8 25.Rg4 Rg8 26.Rg5 Rac8 27.Rh5 Rg6 28.
Rxh7+ Kg8 29.Rg7+ Rxg7 30.fxg7 Qc4 31.h5 Qxd3 32.cxd3 Kxg7 33.Rh4 Rb8 34.
Rf4 Rb7 35.Kc2 Kh6 36.g4 Kg5 37.Rd4 Rb5 38.a3 Rc5+ 39.Kd1 bxa3 40.bxa3 Rc3
41.Rxa4 Rxd3+ 42.Ke2 Rh3 43.Kf2 e5 44.Ra7 Kxg4 45.Rxf7 Rxh5 46.a4 Rh2+ 47.
Ke3 Rh3+ 48.Kd2 Ra3 49.Ra7 Kf4 50.a5 e4 51.a6 d4 52.Rf7+ Ke5 53.Re7+ Kd5 
54.Rd7+ Kc5 55.a7 Ra2+ 56.Kc1 d3 57.Kb1 Ra6 58.Kc1 Ra5 59.Kd2 Ra2+ 60.Ke3 
Kc6 61.Rd8 Rxa7 62.Kxe4 1/2-1/2

[Event "38th World U20 ch"]
[Site "Yerevan ARM"]
[Date "1999.09.21"]
[Round "4.3"]
[White "Jenni, Florian"]
[Black "Aronian, Levon"]
[Result "1/2-1/2"]
[WhiteElo "2399"]
[BlackElo "2518"]
[EventDate "1999.09.18"]
[PlyCount "129"]

1.e4 c5 2.Nf3 d6 3.d4 cxd4 4.Nxd4 Nf6 5.Nc3 a6 6.Be3 e5 7.Nb3 Be6 8.f3 Be7
9.Qd2 Nbd7 10.g4 h6 11.O-O-O b5 12.h4 Nb6 13.Qf2 Nfd7 14.Kb1 Qc7 15.Nd5 
Bxd5 16.exd5 Nc4 17.Bc1 Qb6 18.Qe1 a5 19.Na1 Qc5 20.Bd3 b4 21.Qe4 Ncb6 22.
Be3 Qc7 23.Bb5 O-O 24.g5 h5 25.f4 exf4 26.Bxb6 Nxb6 27.Bc6 Rab8 28.Rde1 
Bd8 29.Qxf4 Nd7 30.Nb3 Ne5 31.Nd4 Be7 32.Rhf1 g6 33.Qe4 Rbc8 34.Ba4 Bd8 
35.Nc6 Ng4 36.Qf4 Ra8 37.Bb5 Ne5 38.Nxe5 dxe5 39.Qxe5 Qxe5 40.Rxe5 Bc7 41.
Re4 Rad8 42.Bc6 Rd6 43.c4 bxc3 44.bxc3 f6 45.c4 Bb6 46.Re6 Rxe6 47.dxe6 
Bd8 48.Rd1 fxg5 49.hxg5 h4 50.Be4 Bxg5 51.Rg1 Rf4 52.Bxg6 Be7 53.Bd3+ Kf8 
54.Rf1 Rxf1+ 55.Bxf1 Ke8 56.Kc2 Kd8 57.Kd3 Kc7 58.Ke4 Kd6 59.Kf5 Bd8 60.
Bg2 Be7 61.Bd5 h3 62.Kg6 h2 63.Kf7 Bh4 64.Bf3 Bd8 65.c5+ 1/2-1/2

[Event "38th World U20 ch"]
[Site "Yerevan ARM"]
[Date "1999.09.21"]
[Round "4.4"]
[White "Arutunian, David"]
[Black "Zhang Pengxiang"]
[Result "0-1"]
[WhiteElo "2318"]
[BlackElo "2462"]
[EventDate "1999.09.18"]
[PlyCount "62"]

1.e4 e6 2.d4 d5 3.Nc3 Bb4 4.e5 c5 5.a3 Bxc3+ 6.bxc3 Ne7 7.Nf3 Nbc6 8.Be2 
Qa5 9.Bd2 Qa4 10.Be3 c4 11.O-O Bd7 12.Ne1 Nf5 13.g4 Nxe3 14.fxe3 Rf8 15.
Bf3 Qa5 16.Qd2 O-O-O 17.e4 dxe4 18.Bxe4 f6 19.exf6 gxf6 20.Bf3 e5 21.Qe3 
Rg8 22.Ng2 Bxg4 23.Bxc6 bxc6 24.Rxf6 Qd5 25.Raf1 Bf5 26.Rf2 Be4 27.Qh3+ 
Kb8 28.Kf1 exd4 29.cxd4 Qxd4 30.Ne3 Qa1+ 31.Ke2 Qc1 0-1

[Event "38th World U20 ch"]
[Site "Yerevan ARM"]
[Date "1999.09.21"]
[Round "4.5"]
[White "Chibukhchian, Artur"]
[Black "Kasimdzhanov, Rustam"]
[Result "1/2-1/2"]
[WhiteElo "2413"]
[BlackElo "2603"]
[EventDate "1999.09.18"]
[PlyCount "113"]

1.d4 Nf6 2.c4 g6 3.Nc3 Bg7 4.Nf3 O-O 5.Bg5 d6 6.e3 h6 7.Bh4 Nbd7 8.Be2 c6 
9.O-O g5 10.Bg3 Nh5 11.Nd2 Nxg3 12.hxg3 c5 13.Nf3 Nf6 14.Qc2 e6 15.Rfd1 
Qe7 16.Rd2 b6 17.Rad1 Bb7 18.dxc5 dxc5 19.Ne5 Rad8 20.Bf3 Rxd2 21.Qxd2 Qc7
22.Bxb7 Qxb7 23.Nd7 Rd8 24.Nxf6+ Bxf6 25.Qc2 Rxd1+ 26.Nxd1 Qa6 27.a3 b5 
28.cxb5 Qxb5 29.Nc3 Qc4 30.Qa4 Qxa4 31.Nxa4 Kf8 32.Kf1 Ke8 33.Ke2 c4 34.
Kd2 Kd7 35.Kc2 g4 36.Nc3 Kc6 37.Ne4 Be5 38.Nd2 Kd5 39.Nb1 f5 40.Nc3+ Bxc3 
41.Kxc3 e5 42.Kd2 h5 43.Kd1 a5 44.Kd2 Ke4 45.Ke2 a4 46.f3+ Kd5 47.Kd1 Kd6 
48.Ke2 Kd5 49.Kd1 Kc5 50.Kd2 gxf3 51.gxf3 Kd5 52.Kd1 Ke6 53.Ke2 Kf6 54.Kf2
Kg5 55.Kg2 h4 56.Kh3 hxg3 57.Kxg3 1/2-1/2

[Event "38th World U20 ch"]
[Site "Yerevan ARM"]
[Date "1999.09.21"]
[Round "4.6"]
[White "Bunzmann, Dimitrij"]
[Black "Marcelin, Cyril"]
[Result "1-0"]
[WhiteElo "2596"]
[BlackElo "2395"]
[EventDate "1999.09.18"]
[PlyCount "139"]

1.d4 f5 2.c4 Nf6 3.Nc3 e6 4.g3 Bb4 5.Bd2 O-O 6.Bg2 d6 7.Nf3 Qe7 8.O-O c6 
9.a3 Bxc3 10.Bxc3 Ne4 11.Qc2 Nd7 12.b4 Nxc3 13.Qxc3 Nf6 14.c5 d5 15.Ne5 
Bd7 16.f3 Be8 17.Rae1 Nd7 18.Nd3 Bg6 19.a4 a6 20.e3 Rae8 21.f4 Ra8 22.Rb1 
Be8 23.Ra1 Nf6 24.Ne5 Nd7 25.Nxd7 Bxd7 26.Rf2 Ra7 27.Bf1 g6 28.Be2 h6 29.
Raf1 Kh7 30.Qb2 Rb8 31.Rb1 Rba8 32.Bd3 Qd8 33.Qc3 Be8 34.Rg2 Qc7 35.h3 Bf7
36.g4 Qe7 37.Qe1 Rg8 38.Kh2 Rg7 39.Qf2 Ra8 40.Rbg1 Rgg8 41.Rb1 Kh8 42.Rbg1
Kh7 43.Qe1 Kh8 44.Qg3 Kh7 45.Ra1 Ra7 46.Rga2 Rga8 47.Qg2 Qd7 48.h4 Qe7 49.
g5 h5 50.b5 axb5 51.axb5 Rxa2 52.Rxa2 Rxa2 53.Qxa2 cxb5 54.Bxb5 Be8 55.
Bxe8 Qxe8 56.Qa5 Kg8 57.Kg3 Kf7 58.Qc7+ Qe7 59.Qc8 Kg7 60.Kf3 Kh7 61.Ke2 
Kg7 62.Kd1 Kh7 63.Kc2 Kg7 64.Kb3 Kf7 65.Ka4 Qe8+ 66.Qxe8+ Kxe8 67.Kb5 Kd7 
68.Kb6 Kc8 69.c6 Kb8 70.cxb7 1-0

[Event "38th World U20 ch"]
[Site "Yerevan ARM"]
[Date "1999.09.21"]
[Round "4.8"]
[White "Bakhtadze, Giorgi"]
[Black "Gershon, Alik"]
[Result "0-1"]
[WhiteElo "2403"]
[BlackElo "2492"]
[EventDate "1999.09.18"]
[PlyCount "79"]

1.e4 c5 2.Nf3 d6 3.d4 Nf6 4.Nc3 cxd4 5.Nxd4 Nc6 6.f3 Qb6 7.Nb3 e6 8.Qe2 a6
9.Be3 Qc7 10.g4 b5 11.O-O-O Nd7 12.Kb1 Nce5 13.Qf2 Bb7 14.Rg1 Nc4 15.Bxc4 
bxc4 16.Nd4 Rb8 17.g5 Nc5 18.Qe2 Qb6 19.Bc1 a5 20.f4 Ba6 21.f5 Nd3 22.cxd3
Qxd4 23.Ka1 cxd3 24.Qe1 Be7 25.Be3 Qb4 26.Qf2 a4 27.Rc1 Bd8 28.fxe6 fxe6 
29.e5 Rf8 30.Qg2 d5 31.Nd1 Bc4 32.Qh3 Kd7 33.Qxh7 Rf3 34.Qxg7+ Be7 35.Bd4 
d2 36.Rc3 Rf4 37.Be3 d4 38.a3 Qb6 39.Rxc4 dxe3 40.Rc3 0-1

[Event "38th World U20 ch"]
[Site "Yerevan ARM"]
[Date "1999.09.21"]
[Round "4.9"]
[White "Svetuschin, Dumitru"]
[Black "Benkovic, Petar"]
[Result "1-0"]
[WhiteElo "2486"]
[BlackElo "2328"]
[EventDate "1999.09.18"]
[PlyCount "111"]

1.e4 e6 2.d3 c5 3.Nf3 Nc6 4.c3 e5 5.g3 g6 6.Bg2 Bg7 7.O-O Nge7 8.a3 O-O 9.
b4 cxb4 10.axb4 b5 11.Nbd2 d5 12.Nb3 a5 13.bxa5 Ra6 14.Ba3 Re8 15.Bb4 Bf8 
16.Bc5 Bg4 17.h3 Bxf3 18.Bxf3 dxe4 19.dxe4 Nc8 20.Bxf8 Kxf8 21.Qd5 Qxd5 
22.exd5 N6e7 23.Rfe1 f6 24.Nc5 Ra7 25.Nd3 Nd6 26.Nb4 Rc8 27.Nc6 Nxc6 28.
dxc6 e4 29.Bxe4 Nxe4 30.Rxe4 Rxc6 31.Rb4 Rc5 32.a6 Ke7 33.Ra5 Rxc3 34.
Rbxb5 Kd6 35.Rb7 Rxb7 36.axb7 Rb3 37.Ra6+ Ke5 38.Ra7 h5 39.h4 Kf5 40.Kg2 
Ke5 41.Kf1 Rb2 42.Ke1 Ke4 43.Kd1 Kf3 44.Ra6 f5 45.Ra7 Rb1+ 46.Kc2 Rb5 47.
Ra3+ Kxf2 48.Rb3 Rxb7 49.Rxb7 Kxg3 50.Rg7 Kxh4 51.Rxg6 Kh3 52.Kd2 h4 53.
Ke2 Kh2 54.Kf2 Kh3 55.Kg1 f4 56.Kh1 1-0

[Event "38th World U20 ch"]
[Site "Yerevan ARM"]
[Date "1999.09.21"]
[Round "4.10"]
[White "Gaprindashvili, Valerian"]
[Black "Blehm, Pawel"]
[Result "1/2-1/2"]
[WhiteElo "2390"]
[BlackElo "2479"]
[EventDate "1999.09.18"]
[PlyCount "61"]

1.d4 Nf6 2.c4 g6 3.Nc3 Bg7 4.e4 O-O 5.Nf3 c6 6.Be2 d5 7.cxd5 cxd5 8.e5 Ne4
9.Qb3 Nxc3 10.Qxc3 Bg4 11.Qb3 Nc6 12.Be3 Na5 13.Qb4 Rc8 14.O-O Bxf3 15.
Bxf3 e6 16.Rfc1 Nc4 17.Qxb7 Nxe3 18.fxe3 Bh6 19.Qb3 Qa5 20.Re1 Rb8 21.Qc2 
Rfc8 22.Qf2 Rc7 23.g3 Rbc8 24.a3 Rc2 25.Re2 Qa4 26.Rae1 Qb3 27.e4 dxe4 28.
Bxe4 Rxe2 29.Rxe2 Rd8 30.Kg2 Qb6 31.d5 1/2-1/2

[Event "38th World U20 ch"]
[Site "Yerevan ARM"]
[Date "1999.09.21"]
[Round "4.12"]
[White "Lopez Martinez, Josep Manuel"]
[Black "Sargissian, Gabriel"]
[Result "1-0"]
[WhiteElo "2378"]
[BlackElo "2470"]
[EventDate "1999.09.18"]
[PlyCount "97"]

1.d4 d5 2.c4 e6 3.Nc3 Be7 4.cxd5 exd5 5.Bf4 c6 6.e3 Bf5 7.g4 Be6 8.h4 Nd7 
9.h5 Ngf6 10.f3 O-O 11.Bd3 c5 12.Qc2 Kh8 13.Nge2 Rc8 14.O-O-O h6 15.g5 
hxg5 16.Bxg5 Ng8 17.Bf4 Bf6 18.Rdg1 Nh6 19.Bxh6 gxh6 20.Qd2 Rg8 21.Bc2 Bg7
22.Qd3 Nf8 23.dxc5 Rxc5 24.Nd4 Rc4 25.Nce2 Qf6 26.Kb1 Bd7 27.Nc3 Rc5 28.
Bb3 Bc6 29.Rg4 b5 30.Rhg1 b4 31.Rf4 Qe5 32.Rf5 Qh2 33.Nce2 Ne6 34.Rxf7 Ng5
35.Rxa7 Qe5 36.Nf4 Be8 37.Ra8 Bf7 38.Ng6+ Bxg6 39.Rxg8+ Kxg8 40.Qxg6 Rc7 
41.Qf5 Qxe3 42.Qxd5+ Nf7 43.Qd8+ Kh7 44.Rxg7+ Kxg7 45.Qxc7 Qd3+ 46.Kc1 
Qe3+ 47.Kc2 Qf2+ 48.Kd3 Qf1+ 49.Ne2 1-0

[Event "38th World U20 ch"]
[Site "Yerevan ARM"]
[Date "1999.09.21"]
[Round "4.14"]
[White "De Vreugt, Dennis"]
[Black "Peralta, Fernando"]
[Result "1/2-1/2"]
[WhiteElo "2398"]
[BlackElo "2433"]
[EventDate "1999.09.18"]
[PlyCount "105"]

1.e4 Nf6 2.e5 Nd5 3.d4 d6 4.Nf3 Bg4 5.Be2 e6 6.O-O Be7 7.c4 Nb6 8.Nc3 O-O 
9.Be3 Nc6 10.exd6 cxd6 11.b3 d5 12.c5 Nc8 13.b4 a6 14.Rb1 Bf6 15.h3 Bxf3 
16.Bxf3 N8e7 17.g4 g5 18.Na4 Qc7 19.Qd2 Ng6 20.Nb6 Rad8 21.a4 h6 22.b5 
axb5 23.axb5 Nce7 24.Bg2 Bg7 25.Rbd1 f5 26.Qe2 Kh7 27.Bc1 e5 28.dxe5 Qxc5 
29.gxf5 Nxf5 30.Nxd5 Ng3 31.Qd3 Nxf1 32.Rxf1 Bxe5 33.Ba3 Qd4 34.Qxd4 Bxd4 
35.Bxf8 Rxf8 36.Ne3 b6 37.Rd1 Nf4 38.Be4+ Kh8 39.Kh2 Bxe3 40.fxe3 Re8 41.
exf4 Rxe4 42.Rd6 gxf4 43.Rxh6+ Kg7 44.Rxb6 Re2+ 45.Kg1 Rc2 46.h4 Kh7 47.h5
Kg7 48.Rg6+ Kh7 49.Rb6 Kg7 50.h6+ Kh7 51.Kf1 f3 52.Ke1 Re2+ 53.Kf1 1/2-1/2

[Event "38th World U20 ch"]
[Site "Yerevan ARM"]
[Date "1999.09.21"]
[Round "4.15"]
[White "Jakupovic, Neven"]
[Black "Perelshteyn, Eugene"]
[Result "1/2-1/2"]
[WhiteElo "2263"]
[BlackElo "2416"]
[EventDate "1999.09.18"]
[PlyCount "102"]

1.e4 c5 2.Nf3 g6 3.d4 cxd4 4.Nxd4 Nc6 5.c4 Nf6 6.Nc3 d6 7.Be2 Nxd4 8.Qxd4 
Bg7 9.O-O O-O 10.Qd3 Bd7 11.Be3 a6 12.a4 a5 13.c5 dxc5 14.Bxc5 Bc6 15.Qe3 
Qd7 16.f3 Qe6 17.Nb5 Bxb5 18.Bxb5 Nd7 19.Ba3 Ne5 20.Rac1 Rfc8 21.b3 Rxc1 
22.Rxc1 Rd8 23.Qe2 h5 24.h3 Bh6 25.Rd1 Qb6+ 26.Kh1 Rxd1+ 27.Qxd1 Bf4 28.
Bxe7 Qf2 29.Qg1 Qg3 30.Be2 b6 31.Ba3 g5 32.Bb2 Ng6 33.Bd4 Bc7 34.Bf2 Qd6 
35.g3 Qe6 36.Bc4 Qxh3+ 37.Qh2 Qxh2+ 38.Kxh2 h4 39.Kh3 hxg3 40.Be3 Nh4 41.
Bxg5 Nxf3 42.Bf6 Ne1 43.Bf1 Kh7 44.e5 g2 45.Bxg2 Nxg2 46.Kxg2 Kg6 47.Kf3 
Kf5 48.Ke3 Bxe5 49.Bd8 Bc3 50.Bxb6 Kg4 51.Bc5 f5 1/2-1/2

[Event "38th World U20 ch"]
[Site "Yerevan ARM"]
[Date "1999.09.21"]
[Round "4.17"]
[White "Vajda, Levente"]
[Black "Lipinsky, Fabian"]
[Result "1-0"]
[WhiteElo "2462"]
[BlackElo "2331"]
[EventDate "1999.09.18"]
[PlyCount "65"]

1.e4 c5 2.Nf3 d6 3.d4 cxd4 4.Nxd4 Nf6 5.Nc3 Nc6 6.Be2 e5 7.Nb3 Be7 8.O-O 
O-O 9.Kh1 Be6 10.f4 exf4 11.Bxf4 d5 12.e5 Ne4 13.Bd3 Nxc3 14.bxc3 b6 15.
Qe2 Bg5 16.Nd4 Nxd4 17.cxd4 Be7 18.Rf2 Bh4 19.g3 Be7 20.Raf1 Qd7 21.Qh5 g6
22.Qh6 Rfc8 23.Bg5 Bf8 24.Qh4 Rc3 25.Bh6 Be7 26.Qf4 Qd8 27.h4 Rac8 28.h5 
b5 29.hxg6 fxg6 30.Bxb5 Rxc2 31.Bd7 Bf5 32.Bxf5 gxf5 33.Qxf5 1-0

[Event "38th World U20 ch"]
[Site "Yerevan ARM"]
[Date "1999.09.21"]
[Round "4.18"]
[White "Mchedlishvili, Mikheil"]
[Black "Petrosian, Davit Gevorgi"]
[Result "1-0"]
[WhiteElo "2441"]
[BlackElo "2309"]
[EventDate "1999.09.18"]
[PlyCount "68"]

1.d4 e6 2.c4 f5 3.Nf3 Nf6 4.g3 d5 5.Bg2 c6 6.O-O Bd6 7.b3 Qe7 8.Bb2 b6 9.
Nbd2 Bb7 10.Qc2 O-O 11.Ne5 a5 12.Ndf3 Na6 13.Rac1 Rac8 14.Qb1 Rfd8 15.Rfd1
Rc7 16.Nd3 Ne4 17.Nf4 Rcc8 18.Ne5 Nf6 19.h3 Rf8 20.e3 g5 21.Nfd3 Ne4 22.
Kh2 c5 23.f3 Nf6 24.Rg1 Nc7 25.f4 g4 26.hxg4 Nxg4+ 27.Nxg4 fxg4 28.Rh1 Ne8
29.dxc5 bxc5 30.cxd5 exd5 31.Ne5 Bxe5 32.Bxe5 Ng7 33.Kg1 h5 34.Qg6 Qe8 1-0

[Event "38th World U20 ch"]
[Site "Yerevan ARM"]
[Date "1999.09.21"]
[Round "4.19"]
[White "Smetankin, Stanislav"]
[Black "Williams, Simon"]
[Result "1/2-1/2"]
[WhiteElo "2385"]
[BlackElo "2421"]
[EventDate "1999.09.18"]
[PlyCount "83"]

1.e4 e6 2.d4 d5 3.Nd2 Nf6 4.e5 Nfd7 5.Bd3 c5 6.c3 Nc6 7.Ngf3 Be7 8.O-O g5 
9.dxc5 Ndxe5 10.Bb5 Ng6 11.c4 O-O 12.cxd5 Qxd5 13.Nb3 g4 14.Nfd2 Nce5 15.
Qe2 f5 16.Nc4 Nh4 17.Ne3 Qe4 18.Nd2 Qf4 19.Nec4 Nxc4 20.Nxc4 Qc7 21.Qe5 
Qxc5 22.Bh6 Qxe5 23.Nxe5 Rd8 24.Rad1 Ng6 25.Nd7 Kf7 26.Rfe1 a6 27.Nb6 Rxd1
28.Rxd1 Rb8 29.Ba4 e5 30.Bb3+ Be6 31.Nd5 Rd8 32.Be3 b5 33.Nxe7 Rxd1+ 34.
Bxd1 Nxe7 35.a3 Bc4 36.f3 h5 37.Kf2 Nd5 38.Bd2 e4 39.fxe4 fxe4 40.Bc2 Bd3 
41.Bb3 Bc4 42.Bc2 1/2-1/2

[Event "38th World U20 ch"]
[Site "Yerevan ARM"]
[Date "1999.09.21"]
[Round "4.22"]
[White "Vuckovic, Bojan"]
[Black "Krejci, Jakub"]
[Result "1-0"]
[WhiteElo "2433"]
[BlackElo "2221"]
[EventDate "1999.09.18"]
[PlyCount "68"]

1.e4 c5 2.Nf3 e6 3.d4 cxd4 4.Nxd4 Nf6 5.Nc3 d6 6.g4 Nc6 7.g5 Nd7 8.Be3 Be7
9.h4 O-O 10.Qh5 a6 11.O-O-O Nxd4 12.Bxd4 b5 13.f4 b4 14.Bxg7 Kxg7 15.e5 
Nc5 16.Na4 Ne4 17.Bd3 Bb7 18.Rhe1 d5 19.Bxe4 dxe4 20.Rxd8 Raxd8 21.Qe2 Rd4
22.Rd1 Rxd1+ 23.Qxd1 Bc6 24.Nb6 Bb5 25.f5 exf5 26.Qd4 Bc6 27.Nd7 Bxd7 28.
e6+ Kg6 29.Qxd7 Bxg5+ 30.hxg5 fxe6 31.Qe7 Rf7 32.Qxe6+ Kg7 33.Kd2 Kf8 34.
Ke3 Kg7 1-0

[Event "38th World U20 ch"]
[Site "Yerevan ARM"]
[Date "1999.09.21"]
[Round "4.23"]
[White "Pert, Nicholas"]
[Black "Korstin, Maris"]
[Result "1/2-1/2"]
[WhiteElo "2425"]
[BlackElo "2201"]
[EventDate "1999.09.18"]
[PlyCount "114"]

1.d4 d5 2.c4 c6 3.cxd5 cxd5 4.Bf4 Nf6 5.e3 Bf5 6.Nc3 e6 7.Qb3 Qb6 8.Qxb6 
axb6 9.Bb5+ Nc6 10.Nf3 Bb4 11.Ne5 Rc8 12.O-O Bxc3 13.bxc3 O-O 14.Rfc1 Nxe5
15.Bxe5 Rfd8 16.f3 Ne8 17.Kf2 f6 18.Bg3 Nd6 19.Bxd6 Rxd6 20.c4 dxc4 21.
Rxc4 Rxc4 22.Bxc4 Rc6 23.Bb3 Kf8 24.e4 Bg6 25.Ke3 Ke7 26.Kd3 Rc7 27.Ba4 
Rc8 28.Rb1 Ra8 29.Rb4 b5 30.Bc2 Be8 31.Rb2 Kd6 32.Bb3 Rc8 33.e5+ fxe5 34.
dxe5+ Ke7 35.Rd2 Bc6 36.Ke3 Ra8 37.Rd6 Bd5 38.Bxd5 exd5 39.Rxd5 Rxa2 40.
Rxb5 Rxg2 41.Rxb7+ Ke6 42.f4 Kf5 43.Kf3 Rg1 44.Kf2 Rg4 45.Ke3 Rg2 46.Kf3 
Rg1 47.h3 Rf1+ 48.Kg3 Ra1 49.Rf7+ Ke6 50.Rf8 h6 51.Kf2 Ra3 52.Kg2 Rb3 53.
Rg8 Kf5 54.Rf8+ Ke6 55.h4 h5 56.Rh8 Rb2+ 57.Kf3 Rb3+ 1/2-1/2

[Event "38th World U20 ch"]
[Site "Yerevan ARM"]
[Date "1999.09.21"]
[Round "4.27"]
[White "Rizouk, Aimen"]
[Black "Guid, Matej"]
[Result "1-0"]
[WhiteElo "2312"]
[BlackElo "2185"]
[EventDate "1999.09.18"]
[PlyCount "73"]

1.e4 c5 2.c3 d6 3.d4 Nf6 4.Bd3 Qc7 5.Nf3 Nbd7 6.O-O g6 7.Qe2 e5 8.dxe5 
dxe5 9.a4 Bg7 10.Na3 a6 11.Nc4 b6 12.Rd1 O-O 13.Bc2 Bb7 14.Nd6 Bc6 15.Bb3 
h6 16.Nh4 Ne8 17.Nxe8 Rfxe8 18.Nxg6 Nf6 19.f3 b5 20.Nh4 c4 21.Bc2 Bd7 22.
Be3 Be6 23.Qf2 Red8 24.Kh1 Rxd1+ 25.Rxd1 Rd8 26.Rf1 Qb7 27.Rc1 b4 28.Nf5 
Bxf5 29.exf5 b3 30.Bb1 Qc6 31.Qh4 Kh7 32.Qh3 Qxa4 33.g4 Qa1 34.Bxh6 Bxh6 
35.g5 Ng8 36.f6+ Kh8 37.Qf5 1-0

[Event "38th World U20 ch"]
[Site "Yerevan ARM"]
[Date "1999.09.21"]
[Round "4.29"]
[White "Labollita, Martin"]
[Black "Kumin, Simon"]
[Result "1-0"]
[WhiteElo "2199"]
[BlackElo "2251"]
[EventDate "1999.09.18"]
[PlyCount "39"]

1.d4 Nf6 2.c4 c5 3.d5 b5 4.Nf3 Bb7 5.a4 a6 6.axb5 axb5 7.Rxa8 Bxa8 8.Nc3 
b4 9.Nb5 Qb6 10.e4 Nxe4 11.Bf4 Na6 12.Bd3 Nf6 13.O-O e6 14.dxe6 fxe6 15.
Ng5 Qc6 16.f3 Be7 17.Qb1 Nh5 18.Bg6+ hxg6 19.Qxg6+ Kd8 20.Nf7+ 1-0

[Event "38th World U20 ch"]
[Site "Yerevan ARM"]
[Date "1999.09.21"]
[Round "4.32"]
[White "Dovramadiev, Tikhomir"]
[Black "Fantin, Ludwig"]
[Result "1-0"]
[WhiteElo "2254"]
[BlackElo "2184"]
[EventDate "1999.09.18"]
[PlyCount "27"]

1.e4 e5 2.Nf3 Nf6 3.Nc3 Nc6 4.Bb5 Nd4 5.Ba4 c6 6.Nxe5 Qe7 7.Nf3 Nxe4 8.O-O
Nxc3 9.bxc3 Nxf3+ 10.Qxf3 Qh4 11.Re1+ Be7 12.Re4 Qh6 13.d4 Qd6 14.Bf4 1-0

[Event "38th World U20 ch"]
[Site "Yerevan ARM"]
[Date "1999.09.21"]
[Round "4.33"]
[White "Pinter, Erik"]
[Black "Aschenbrenner, Robert"]
[Result "1-0"]
[WhiteElo "2163"]
[BlackElo "2160"]
[EventDate "1999.09.18"]
[PlyCount "101"]

1.e4 c5 2.Nf3 Nc6 3.d4 cxd4 4.Nxd4 Nf6 5.Nc3 e5 6.Ndb5 d6 7.Bg5 a6 8.Na3 
b5 9.Nd5 Qa5+ 10.Bd2 Qd8 11.Nxf6+ Qxf6 12.c3 Qg6 13.Qe2 Be7 14.g3 b4 15.
Nc2 bxc3 16.Bxc3 O-O 17.Bg2 a5 18.Qc4 d5 19.exd5 Nd4 20.Nxd4 exd4 21.Qxd4 
Bf6 22.Qe4 Bxc3+ 23.bxc3 Qxe4+ 24.Bxe4 Re8 25.Kd2 Rxe4 26.Rhe1 Bf5 27.Rxe4
Bxe4 28.c4 Rc8 29.f3 Bxf3 30.Ke3 Bg4 31.Kd4 Rb8 32.Ke5 Kf8 33.Rf1 Rb6 34.
a3 Ke7 35.c5 Rb3 36.d6+ Ke8 37.c6 f6+ 38.Kd4 Rb5 39.Re1+ Re5 40.Rb1 Kf7 
41.d7 Bxd7 42.Rb7 Re2 43.Rxd7+ Ke6 44.Rxg7 Rc2 45.c7 h6 46.Rh7 Rc1 47.g4 
Rc2 48.h4 Rc1 49.Rxh6 Rxc7 50.g5 Kf7 51.Rh7+ 1-0

[Event "38th World U20 ch"]
[Site "Yerevan ARM"]
[Date "1999.09.22"]
[Round "5.1"]
[White "Asrian, Karen"]
[Black "Zhang Pengxiang"]
[Result "1/2-1/2"]
[WhiteElo "2575"]
[BlackElo "2462"]
[EventDate "1999.09.18"]
[PlyCount "179"]

1.e4 e6 2.d4 d5 3.Nd2 Nf6 4.e5 Nfd7 5.c3 c5 6.Bd3 Nc6 7.Ne2 cxd4 8.cxd4 f6
9.exf6 Qxf6 10.O-O Bd6 11.Nf3 h6 12.Ng3 O-O 13.Bc2 Rd8 14.Re1 Nf8 15.Ne5 
Qh4 16.f4 Bxe5 17.dxe5 Bd7 18.Be3 Be8 19.Qd2 Bg6 20.Bb3 Qe7 21.a3 Qf7 22.
Rac1 Ne7 23.Bf2 Nf5 24.Ne2 d4 25.Bc4 d3 26.Bxd3 Nh4 27.Bxh4 Rxd3 28.Qb4 
Bh5 29.Ng3 Bg6 30.Rcd1 a5 31.Qa4 Rc8 32.Rxd3 Bxd3 33.Qd4 Bb5 34.Ne4 Rc4 
35.Qd2 Qg6 36.Nc3 Bc6 37.Bg3 h5 38.Re2 a4 39.Re3 b5 40.h3 Qf7 41.Rd3 Ng6 
42.Rd4 h4 43.Rxc4 bxc4 44.Bh2 Ne7 45.Kf1 Kh7 46.Nd1 Nf5 47.Nf2 Qb7 48.Nd1 
Be4 49.Kg1 Qb6+ 50.Qf2 Qd8 51.Nc3 Bc6 52.Qe2 Qd4+ 53.Qf2 Qd8 54.Qe2 Kg8 
55.Qf2 Qd3 56.Qe2 Qd4+ 57.Qf2 Qd8 58.Qe2 Bb7 59.Qf2 Qd7 60.Qe2 Qc6 61.Qd2 
Ne3 62.f5 exf5 63.e6 Qxe6 64.Qd8+ Kh7 65.Qxh4+ Kg6 66.Qg3+ Kh7 67.Qd6 Qe8 
68.Be5 Bc6 69.g3 f4 70.g4 Ba8 71.Kf2 Nc2 72.Nd5 Bxd5 73.Qxd5 Qg6 74.Bxf4 
Qb6+ 75.Kg3 Qg1+ 76.Qg2 Qe1+ 77.Qf2 Qe4 78.Qf3 Qe1+ 79.Qf2 Qe4 80.Kh2 Kg8 
81.Bd2 Nd4 82.Qe3 Qd5 83.Bc3 Ne6 84.Qe5 Qd7 85.Qe4 Qf7 86.Kg3 Qe7 87.Kg2 
Qf7 88.Kg3 Qe7 89.Kg2 Qf7 90.Kg3 1/2-1/2

[Event "38th World U20 ch"]
[Site "Yerevan ARM"]
[Date "1999.09.22"]
[Round "5.2"]
[White "Naumann, Alexander"]
[Black "Bunzmann, Dimitrij"]
[Result "1/2-1/2"]
[WhiteElo "2478"]
[BlackElo "2596"]
[EventDate "1999.09.18"]
[PlyCount "20"]

1.e4 e6 2.d4 d5 3.exd5 exd5 4.Nf3 Nc6 5.Bb5 Bd6 6.c4 dxc4 7.d5 a6 8.Ba4 b5
9.dxc6 bxa4 10.O-O Ne7 1/2-1/2